000 00565nam a22002057a 4500
005 20170124110222.0
010 _a414646
020 _c00.00
035 _a414646
037 _bCen Lib/Ret
040 _aDPL
_bEN
082 _a364.03
_bDIC
245 _aDictionary of criminology /
_cedited by Richard Nice
260 _aLondon
_bVision press
_c1965
270 _bLondon
_a74A Regent street
300 _a210p.
_c22cm(Hb)
650 _aCriminology
_vDictionary
_939976
700 _aNice, Richard
_939977
942 _2ddc
_cEN
_h364.03
_mDIC
999 _c134166
_d134166